Secrets of an executive coach : Proven methods for helping leaders excel under pressure

Bibliographic Details
Main Author: Downs, Alan
Format: Book
Published: New york : Amacom , 2002
Subjects:

MARC

LEADER 00000cam a2200000 7i4500
001 0000012036
005 20050506.0
020 |a 0814406971 
040 |a INS 
090 0 0 |a HD30.4   |b D675 2002 
100 1 |a Downs, Alan 
245 1 0 |a Secrets of an executive coach :   |b Proven methods for helping leaders excel under pressure   |c Alan Downs 
260 |a New york :   |b Amacom ,   |c 2002 
300 |a xii :   |b 244p ;   |c 24cm. 
500 |a Includes index 
650 0 0 |a Business consultants 
650 0 0 |a Exercutive ability 
650 0 0 |a Monitoring in business 
650 0 0
999 |a 0000012790   |b BOOK   |c Open Shelf   |e Default branch